000 01204nam a2200313 i 4500
003 EG-GICUC
005 20260209112933.0
008 260111s1997 ua ||||f |||| 00| 0 ara d
040 _a EG-GICUC
_bara
_c EG-GICUC
_d EG-GICUC
_erda
041 _aara
082 0 4 _221
_a345.8
_bأ ن . و
092 0 4 _221
099 _aLaw1 07 345.8 أ ن . و 1997
100 0 _aأنور أحمد رسلان
_eمؤلف.
245 1 0 _aوسيط القضاء الإداري
_nالكتاب الأول ،
_pالمشروعية والرقابة القضائية /
_cدكتور أنور أحمد رسلان .
264 1 _aالقاهرة :
_bدار النهضة العربية ،
_c1997 .
300 _a311 ؛ صفحة
_c24 سم
336 _2rda content
_atext
337 _2rda media
_aComputer
338 _2rda carrier
_aOnline Resource
504 _a. 311-305 ببليوجرافيا: صفحات.
504 _aيشتمل على إرجاعات ببليوجرافية
650 1 4 _aالقضاء الإداري ووظائفه
_2qrmak
650 1 4 _aالقانون الإداري
651 1 _2qrmak
856 4 0 _uhttps://fll.law.cu.edu.eg/fulltext/bks/B07-03213.pdf
905 _a61
_eYara
942 _2ddc
_cBK
_e21
_n0
999 _c56211
_d56211